000 00868cad a22002295a 4500
001 E153489
008 110802s2008 xxk f 000 0 eng d
020 1 _a9781842194256
035 _a(Sirsi) u153489
041 0 _aeng
100 1 _aMkwela, Hawa
245 0 0 _aUrban farming
_ba sustainable solution to reduce solid waste problems in Dar Es Salaam, Tanzania
_h[electronic resource]
260 _aLondon
_bRICS
_c2008
490 0 _aRICS Findings in Built and Rural Environments
520 _aLooks at the potential for organic solid waste to be composted and used in urban farming.
521 _aAdvanced
651 4 _aTanzania
690 _aENVIRONMENTAL AND LAND CONSULTANCY-WASTE MANAGEMENT
700 1 _aBanyani, Maulidi
856 4 0 _uhttps://www.rics.org/site/download_feed.aspx?fileID=6188&fileExtension=PDF
_zBroken link - not available
942 _n0
999 _c112550
_d112550